Ivanhoe (Record no. 35518)

MARC details
000 -LEADER
fixed length control field 00242nam a2200109Ia 4500
082 ## - DEWEY DECIMAL CLASSIFICATION NUMBER
Classification number 82-3
Item number SCO
100 ## - MAIN ENTRY--AUTHOR NAME
Personal name Scott, Walter
245 #0 - TITLE STATEMENT
Title Ivanhoe
260 ## - PUBLICATION, DISTRIBUTION, ETC. (IMPRINT)
Place of publication New Delhi
Name of publisher S Chand
942 ## - ADDED ENTRY ELEMENTS (KOHA)
Koha item type Books
Holdings
Withdrawn status Lost status Damaged status Not for loan Home library Current library Date acquired Full call number Accession Number Koha item type
        RRII Library RRII Library 16/12/2021 82-3 SCO 15942 Books